000 00271nam a22001217a 4500
003 OSt
008 241015b |||||||| |||| 00| 0 eng d
082 _a633.7105
_bB51
245 _aBhartiya Tambakoo (Hindi) vol.-10
260 _a1980
300 _a1-4
942 _2ddc
_cPER
999 _c46472
_d46472